000 00401nam a2200157Ia 4500
008 240729s9999 xx 000 0 und d
022 _a2666-2620
245 0 _aSurgery in Practice and Science
260 _aUnited Kingdom
260 _bElsevier
650 _a Surgery
650 _aMedicine
856 _uhttps://doaj.org/toc/63b18dda3a544fd2a0069c894124c279
942 _2ddc
942 _cDOAJEJ
999 _c65565
_d65565
945 _a1
_bMadushi Gamage
_c1
_dMadushi Gamage